[Event "Titled Tuesday intern op 16th Apr Late"]
[Site "Chess.com INT"]
[Date "2024.04.16"]
[Round "2"]
[White "Rohwer, Paul"]
[Black "Hollan, Petr"]
[Result "0-1"]
[WhiteElo "2225"]
[BlackElo "2270"]
[PlyCount "58"]
[EventDate "2024.04.16"]
[EventType "swiss (blitz)"]
[EventRounds "11"]
[EventCountry "USA"]
[SourceTitle "CB17_2024"]
[SourceDate "2024.04.24"]
[SourceVersion "1"]
[SourceVersionDate "2024.04.24"]
[SourceQuality "1"]

1. e4 c5 2. Be2 e6 3. f4 d5 4. d3 Nf6 5. e5 Nfd7 6. Nf3 Be7 7. 0-0 Nc6 8. c3 b5 9. Qe1 g6 10. Be3 b4 11. Nbd2 Ba6 12. d4 Bxe2 13. Qxe2 bxc3 14. bxc3 Qc7 15. Rac1 c4 16. g4 h5 17. h3 hxg4 18. hxg4 0-0-0 19. Kg2 Nb6 20. Rh1 Na4 21. Rxh8 Rxh8 22. Qd1 Qa5 23. Qc2 Ba3 24. Re1 Nxc3 25. Ng5 Nd8 26. f5 gxf5 27. gxf5 Rg8 28. f6 Ne4 29. Rb1 Nxg5 0-1

[Event "Titled Tuesday intern op 13th Feb Late"]
[Site "Chess.com INT"]
[Date "2024.02.13"]
[Round "5"]
[White "Kucza, Karol"]
[Black "Hollan, Petr"]
[Result "1/2-1/2"]
[WhiteElo "2328"]
[BlackElo "2280"]
[PlyCount "64"]
[EventDate "2024.02.13"]
[EventType "swiss (blitz)"]
[EventRounds "11"]
[EventCountry "USA"]
[SourceTitle "CB08_2024"]
[SourceDate "2024.02.21"]
[SourceVersion "1"]
[SourceVersionDate "2024.02.21"]
[SourceQuality "1"]

1. e4 c5 2. Nf3 Nc6 3. d4 cxd4 4. Nxd4 Nf6 5. Nc3 e5 6. Ndb5 d6 7. Bg5 a6 8. Na3 b5 9. Bxf6 gxf6 10. Nd5 Bg7 11. Bd3 Ne7 12. Nxe7 Qxe7 13. 0-0 0-0 14. c4 f5 15. Qf3 bxc4 16. Nxc4 d5 17. exd5 e4 18. Qe2 Qc5 19. Bc2 Rb8 20. Rfd1 a5 21. Rac1 Bxb2 22. Nxb2 Rxb2 23. Qh5 Rxc2 24. Qg5+ Kh8 25. Qf6+ Kg8 26. Qg5+ Kh8 27. Qf6+ Kg8 28. Rxc2 Qxc2 29. Qg5+ Kh8 30. Qf6+ Kg8 31. Qg5+ Kh8 32. Qf6+ Kg8 1/2-1/2

[Event "Pardubice rapid op 34th"]
[Site "Pardubice"]
[Date "2023.07.20"]
[Round "6"]
[White "Chayka, Vitaliy"]
[Black "Hollan, Petr"]
[Result "0-1"]
[WhiteElo "2185"]
[BlackElo "2235"]
[PlyCount "78"]
[EventDate "2023.07.19"]
[EventType "swiss (rapid)"]
[EventRounds "9"]
[EventCountry "CZE"]
[SourceTitle "CBM 215 Extra"]
[Source "ChessBase"]
[SourceDate "2023.09.30"]
[SourceVersion "1"]
[SourceVersionDate "2023.09.30"]
[SourceQuality "1"]

1. d4 Nf6 2. Bf4 d5 3. e3 c5 4. dxc5 Nc6 5. Bb5 e6 6. b4 a5 7. c3 Bd7 8. Qb3 axb4 9. cxb4 d4 10. Nf3 Nd5 11. Bxc6 Bxc6 12. Nxd4 Nxf4 13. Nxc6 Nxg2+ 14. Kf1 Nxe3+ 15. Qxe3 bxc6 16. Qe4 Rc8 17. Na3 Be7 18. Kg2 0-0 19. Rhd1 Qc7 20. Nc4 Rfd8 21. Nb6 Rb8 22. a4 Rd5 23. Nxd5 exd5 24. Qg4 h5 25. Qg3 Qc8 26. Rab1 h4 27. Qf4 g5 28. Qf3 Qa6 29. Re1 Bf8 30. Re5 Bh6 31. Qf6 h3+ 32. Kxh3 Qd3+ 33. Re3 Qxb1 34. Qxh6 Qf1+ 35. Kg3 Qg1+ 36. Kf3 d4 37. Re5 g4+ 38. Ke2 d3+ 39. Ke3 Qc1+ 0-1

[Event "Pardubice rapid op 34th"]
[Site "Pardubice"]
[Date "2023.07.20"]
[Round "5"]
[White "Hollan, Petr"]
[Black "Pulpan, Jakub"]
[Result "0-1"]
[WhiteElo "2235"]
[BlackElo "2406"]
[PlyCount "108"]
[EventDate "2023.07.19"]
[EventType "swiss (rapid)"]
[EventRounds "9"]
[EventCountry "CZE"]
[SourceTitle "CBM 215 Extra"]
[Source "ChessBase"]
[SourceDate "2023.09.30"]
[SourceVersion "1"]
[SourceVersionDate "2023.09.30"]
[SourceQuality "1"]

1. e4 e5 2. Nf3 Nc6 3. d4 exd4 4. Bc4 Nf6 5. e5 d5 6. Bb5 Ne4 7. Nxd4 Bd7 8. Bxc6 bxc6 9. 0-0 Bc5 10. Be3 Bb6 11. f3 Ng5 12. f4 Ne4 13. Nd2 Nxd2 14. Qxd2 c5 15. Nf3 d4 16. Bf2 Bc6 17. Bh4 Qd7 18. f5 Qxf5 19. Nxd4 Qd7 20. Nf3 Qg4 21. Qg5 c4+ 22. Kh1 Qxg5 23. Nxg5 0-0 24. Rad1 a5 25. Rfe1 a4 26. a3 f5 27. exf6 Rxf6 28. Re6 c3 29. bxc3 Bc5 30. Ra1 Raf8 31. Rxf6 Rxf6 32. h3 h6 33. Nf3 g5 34. Bg3 Bxf3 35. gxf3 Rxf3 36. Kg2 Rxc3 37. Bxc7 Rxc2+ 38. Kf3 Kf7 39. Be5 Ke6 40. Bg7 h5 41. Re1+ Kf5 42. Rf1 Bd6 43. Ke3+ Bf4+ 44. Kd3 Rh2 45. Rf3 Rd2+ 46. Kc4 Ke4 47. Rf1 Rh2 48. Kb4 Rxh3 49. Kxa4 h4 50. Bf8 Rf3 51. Re1+ Re3 52. Rg1 h3 53. Bh6 h2 54. Rh1 Rh3 0-1

[Event "Pardubice rapid op 34th"]
[Site "Pardubice"]
[Date "2023.07.20"]
[Round "8"]
[White "Lalic, Bogdan"]
[Black "Hollan, Petr"]
[Result "1/2-1/2"]
[WhiteElo "2371"]
[BlackElo "2235"]
[PlyCount "71"]
[EventDate "2023.07.19"]
[EventType "swiss (rapid)"]
[EventRounds "9"]
[EventCountry "CZE"]
[SourceTitle "CBM 215 Extra"]
[Source "ChessBase"]
[SourceDate "2023.09.30"]
[SourceVersion "1"]
[SourceVersionDate "2023.09.30"]
[SourceQuality "1"]

1. d4 Nf6 2. c4 g6 3. Nc3 d5 4. Bf4 Bg7 5. Rc1 0-0 6. e3 c6 7. Nf3 Bg4 8. Qb3 Qb6 9. Ne5 Be6 10. h3 Nbd7 11. Nxd7 Bxd7 12. Be2 Be6 13. c5 Qxb3 14. axb3 Bf5 15. g4 Be6 16. 0-0 Ne4 17. Nb1 g5 18. Bh2 f5 19. f3 Nf6 20. b4 h5 21. gxh5 f4 22. h4 Nxh5 23. hxg5 Rf5 24. Kf2 Rxg5 25. Rg1 Rxg1 26. Rxg1 Kf7 27. Nd2 Rg8 28. Nb3 Bh6 29. exf4 Rxg1 30. Kxg1 Nxf4 31. Bf1 Bc8 32. b5 cxb5 33. Bxb5 a6 34. Bf1 Kf6 35. Kf2 Ng6 36. Bd3 1/2-1/2

[Event "Pardubice Czech op-E 34th"]
[Site "Pardubice"]
[Date "2023.07.15"]
[Round "5"]
[White "Hollan, Petr"]
[Black "Raczek, Krzysztof"]
[Result "1-0"]
[WhiteElo "2235"]
[BlackElo "2158"]
[PlyCount "88"]
[EventDate "2023.07.13"]
[EventType "team-swiss"]
[EventRounds "7"]
[EventCountry "CZE"]
[SourceTitle "CBM 215 Extra"]
[Source "ChessBase"]
[SourceDate "2023.09.30"]
[SourceVersion "1"]
[SourceVersionDate "2023.09.30"]
[SourceQuality "1"]
[WhiteTeam "Praha Oaza"]
[BlackTeam "Wroclaw & Friends"]
[WhiteTeamCountry "CZE"]
[BlackTeamCountry "POL"]

1. b3 e5 2. Bb2 Nc6 3. e3 Nf6 4. Nf3 e4 5. Nd4 Nxd4 6. Bxd4 d5 7. Be2 Bd6 8. 0-0 Qe7 9. d3 Bf5 10. Nd2 Rd8 11. f4 c5 12. Bxf6 Qxf6 13. dxe4 dxe4 14. g4 Qc3 15. Nc4 Be5 16. Qe1 Qxa1 17. Qa5 Qc3 18. Qxc5 Rc8 19. Qxe5+ Qxe5 20. fxe5 Be6 21. Nd6+ Ke7 22. Nxc8+ Rxc8 23. c4 Rc5 24. Kf2 Rxe5 25. b4 g5 26. Rd1 Bd7 27. Rd4 a6 28. c5 a5 29. a3 Be6 30. Rd6 axb4 31. axb4 Rd5 32. Rxd5 Bxd5 33. Ke1 Kf6 34. Kd2 Ke5 35. Kc3 h5 36. gxh5 f5 37. h6 Bg8 38. Bc4 Bh7 39. b5 f4 40. Kd2 Bg6 41. b6 f3 42. c6 Bf7 43. Bxf7 f2 44. Ke2 f1N 1-0

[Event "Titled Tuesday intern op 06th Jun Late"]
[Site "Chess.com INT"]
[Date "2023.06.06"]
[Round "1"]
[White "Hollan, Petr"]
[Black "Skatchkov, Pavel"]
[Result "0-1"]
[WhiteElo "2235"]
[BlackElo "2457"]
[PlyCount "52"]
[EventDate "2023.06.06"]
[EventType "swiss (blitz)"]
[EventRounds "11"]
[EventCountry "USA"]
[SourceTitle "EXT 2024"]
[Source "ChessBase"]
[SourceDate "2023.10.10"]
[SourceVersion "1"]
[SourceVersionDate "2023.10.10"]
[SourceQuality "1"]

1. e4 e5 2. Nf3 d5 3. exd5 e4 4. Qe2 Nf6 5. Nc3 Be7 6. Nxe4 Nxd5 7. Qd1 0-0 8. Be2 c5 9. 0-0 Nc6 10. d3 Bf5 11. Ng3 Bg6 12. Re1 h6 13. Bf1 Qc7 14. a3 Rad8 15. Nd2 Nd4 16. c3 Ne6 17. Qg4 Ndf4 18. Nf5 Bf6 19. Ng3 h5 20. Qf3 Nxd3 21. Bxd3 Rxd3 22. Qe2 Nf4 23. Qf1 h4 24. Nde4 hxg3 25. Bxf4 Qxf4 26. Qxd3 gxf2+ 0-1

[Event "Titled Tuesday intern op 06th Jun Late"]
[Site "Chess.com INT"]
[Date "2023.06.06"]
[Round "3"]
[White "Nikologorsky, Matfei"]
[Black "Hollan, Petr"]
[Result "0-1"]
[WhiteElo "2182"]
[BlackElo "2235"]
[PlyCount "92"]
[EventDate "2023.06.06"]
[EventType "swiss (blitz)"]
[EventRounds "11"]
[EventCountry "USA"]
[SourceTitle "EXT 2024"]
[Source "ChessBase"]
[SourceDate "2023.10.10"]
[SourceVersion "1"]
[SourceVersionDate "2023.10.10"]
[SourceQuality "1"]

1. e4 c5 2. Nf3 e6 3. d4 cxd4 4. Nxd4 Nf6 5. Nc3 Nc6 6. Ndb5 Bc5 7. Nd6+ Ke7 8. Bf4 e5 9. Nf5+ Kf8 10. Be3 Bxe3 11. Qd6+ Kg8 12. Nxe3 Ne8 13. Qd2 d6 14. 0-0-0 Be6 15. g3 Nd4 16. f4 Rc8 17. f5 Bd7 18. Bc4 b5 19. Bb3 a5 20. Kb1 a4 21. Bd5 b4 22. Ne2 Nxe2 23. Qxe2 Nf6 24. g4 h6 25. h4 b3 26. axb3 Nxd5 27. Nxd5 axb3 28. cxb3 Qa5 29. Ne7+ Kh7 30. Nxc8 Rxc8 31. Rh3 Ra8 32. g5 Bb5 33. Qd2 Qa2+ 34. Kc2 Bc6 35. Re1 Ra6 36. Rc3 Qa5 37. g6+ fxg6 38. fxg6+ Kxg6 39. Qg2+ Kh7 40. Rg1 Qc7 41. Qg6+ Kh8 42. Rf1 Qc8 43. Rf7 Qg8 44. Rcf3 Be8 45. Qe6 Bxf7 46. Rxf7 Ra7 0-1

[Event "CZE-chT 2223"]
[Site "Czech Republic"]
[Date "2023.03.24"]
[Round "9.3"]
[White "Hollan, Petr"]
[Black "Neuman, Petr"]
[Result "0-1"]
[WhiteElo "2276"]
[BlackElo "2387"]
[PlyCount "104"]
[EventDate "2022.10.15"]
[EventType "team-tourn"]
[EventRounds "11"]
[EventCountry "CZE"]
[SourceTitle "CBM 213 Extra"]
[Source "ChessBase"]
[SourceDate "2023.05.31"]
[SourceVersion "1"]
[SourceVersionDate "2023.05.31"]
[SourceQuality "1"]
[WhiteTeam "Oaza Loznice.cz"]
[BlackTeam "Ingem Line"]
[WhiteTeamCountry "CZE"]
[BlackTeamCountry "CZE"]

1. e4 c6 2. d4 d5 3. e5 Bf5 4. Nf3 e6 5. Be2 Ne7 6. c3 Nd7 7. a4 Nc8 8. 0-0 Be7 9. Be3 0-0 10. a5 a6 11. b4 f6 12. exf6 Bxf6 13. Nbd2 Nd6 14. Ra3 e5 15. dxe5 Nxe5 16. Nxe5 Bxe5 17. Nf3 Bf6 18. Bc5 Bg4 19. h3 Bxf3 20. Bxf3 Re8 21. Bxd5+ cxd5 22. Qxd5+ Nf7 23. Qxb7 Qd3 24. Raa1 Bxc3 25. Rad1 Qe4 26. Rd7 Qxb7 27. Rxb7 Nd8 28. Rb6 Ne6 29. Be3 Nc7 30. Rd1 Red8 31. Rxd8+ Rxd8 32. Kf1 Nd5 33. Rxa6 Nxe3+ 34. fxe3 Bxb4 35. Ke2 Rd2+ 36. Kf3 Ra2 37. Ra8+ Kf7 38. Ra7+ Kg6 39. Ra6+ Kg5 40. Ra7 Kh6 41. a6 Ra3 42. g4 Rxe3+ 43. Kxe3 Bc5+ 44. Kf4 Bxa7 45. Kf5 g6+ 46. Kf6 Bd4+ 47. Kf7 Kg5 48. Kg8 h5 49. Kf7 hxg4 50. hxg4 Ba7 51. Kg7 Bb6 52. Kf7 Bd4 0-1

[Event "CZE-chT 2223"]
[Site "Czech Republic"]
[Date "2023.02.19"]
[Round "8.1"]
[White "Hollan, Petr"]
[Black "Pachmann, Ales"]
[Result "1-0"]
[WhiteElo "2276"]
[BlackElo "2288"]
[PlyCount "79"]
[EventDate "2022.10.15"]
[EventType "team-tourn"]
[EventRounds "11"]
[EventCountry "CZE"]
[SourceTitle "CBM 213 Extra"]
[Source "ChessBase"]
[SourceDate "2023.05.31"]
[SourceVersion "1"]
[SourceVersionDate "2023.05.31"]
[SourceQuality "1"]
[WhiteTeam "Oaza Loznice.cz"]
[BlackTeam "Praha Dopravni Podnik"]
[WhiteTeamCountry "CZE"]
[BlackTeamCountry "CZE"]

1. e4 c5 2. Nf3 g6 3. d4 cxd4 4. Nxd4 Bg7 5. Nc3 Qb6 6. Ndb5 Na6 7. Be3 Qa5 8. Bc4 Nh6 9. 0-0 d6 10. Nxd6+ exd6 11. Qxd6 Qc7 12. Nb5 Qxc4 13. Bxh6 Qxb5 14. Bxg7 Rg8 15. Bf6 Qd7 16. Rad1 Qxd6 17. Rxd6 Bd7 18. Rfd1 Nb8 19. R1d5 a5 20. Re5+ Kf8 21. Rc5 Na6 22. Rxa5 Bc6 23. b4 Be8 24. b5 Nc7 25. Rxa8 Nxa8 26. b6 g5 27. e5 g4 28. c4 g3 29. f3 gxh2+ 30. Kxh2 Nxb6 31. Rxb6 Bc6 32. Rb2 Ke8 33. Rd2 Bd7 34. a4 Rg6 35. a5 Rh6+ 36. Kg1 Rh5 37. c5 Rf5 38. a6 Rf4 39. axb7 Rb4 40. c6 1-0

[Event "Basel Christmas op"]
[Site "Basel"]
[Date "2022.12.27"]
[Round "3"]
[White "Bogner, Sebastian"]
[Black "Hollan, Petr"]
[Result "1-0"]
[WhiteElo "2543"]
[BlackElo "2266"]
[PlyCount "67"]
[EventDate "2022.12.26"]
[EventType "swiss"]
[EventRounds "9"]
[EventCountry "SUI"]
[SourceTitle "EXT 2024"]
[Source "ChessBase"]
[SourceDate "2023.10.10"]
[SourceVersion "1"]
[SourceVersionDate "2023.10.10"]
[SourceQuality "1"]

1. Nf3 Nf6 2. c4 e6 3. Nc3 d5 4. d4 h6 5. g3 c5 6. cxd5 exd5 7. Bg2 Be7 8. 0-0 0-0 9. dxc5 Bxc5 10. Na4 Be7 11. Be3 Nc6 12. Rc1 Be6 13. Nc5 Bxc5 14. Bxc5 Re8 15. Nd4 Nxd4 16. Bxd4 Ne4 17. Qa4 Qd7 18. Qa5 b6 19. Qa6 Rac8 20. Rfd1 Rxc1 21. Rxc1 Nd6 22. Rd1 Rd8 23. Bc3 Ne8 24. e4 Qc6 25. Qxa7 Nc7 26. Be5 Nb5 27. Qe7 Re8 28. exd5 Qc8 29. Qb4 Bg4 30. Re1 Qd7 31. a4 Na7 32. b3 Nc8 33. Bd4 Rxe1+ 34. Qxe1 1-0

[Event "CZE-chT 2223"]
[Site "Czech Republic"]
[Date "2022.12.03"]
[Round "3.3"]
[White "Roubalik, Jakub"]
[Black "Hollan, Petr"]
[Result "1-0"]
[WhiteElo "2372"]
[BlackElo "2276"]
[PlyCount "57"]
[EventDate "2022.10.15"]
[EventType "team-tourn"]
[EventRounds "11"]
[EventCountry "CZE"]
[SourceTitle "CBM 213 Extra"]
[Source "ChessBase"]
[SourceDate "2023.05.31"]
[SourceVersion "1"]
[SourceVersionDate "2023.05.31"]
[SourceQuality "1"]
[WhiteTeam "Brno Moravska Slavia"]
[BlackTeam "Oaza Loznice.cz"]
[WhiteTeamCountry "CZE"]
[BlackTeamCountry "CZE"]

1. d4 Nf6 2. c4 g6 3. Nc3 d5 4. cxd5 Nxd5 5. e4 Nxc3 6. bxc3 Bg7 7. Nf3 c5 8. Rb1 0-0 9. Be2 b6 10. 0-0 Bb7 11. Qd3 Ba6 12. Qe3 Qc8 13. Rd1 Bxe2 14. Qxe2 Qa6 15. Rd3 Nc6 16. d5 Ne5 17. Nxe5 Bxe5 18. Bh6 Rfe8 19. Qd2 Rad8 20. f4 Bh8 21. f5 Qc4 22. Re1 e6 23. fxe6 fxe6 24. d6 e5 25. d7 Re6 26. Rf3 Bf6 27. Ref1 Be7 28. Qf2 Qxf1+ 29. Qxf1 1-0

[Event "CZE-chT 2223"]
[Site "Czech Republic"]
[Date "2022.10.16"]
[Round "2.4"]
[White "Rogozenco, Dorian"]
[Black "Hollan, Petr"]
[Result "1/2-1/2"]
[WhiteElo "2438"]
[BlackElo "2276"]
[PlyCount "106"]
[EventDate "2022.10.15"]
[EventType "team-tourn"]
[EventRounds "11"]
[EventCountry "CZE"]
[SourceTitle "CBM 210 Extra"]
[Source "ChessBase"]
[SourceDate "2022.11.30"]
[SourceVersion "1"]
[SourceVersionDate "2022.11.30"]
[SourceQuality "1"]
[WhiteTeam "Lysa nad Labem"]
[BlackTeam "Oaza Loznice.cz"]
[WhiteTeamCountry "CZE"]
[BlackTeamCountry "CZE"]

1. c4 Nf6 2. Nc3 g6 3. e4 e5 4. Nf3 Bg7 5. Nxe5 0-0 6. Nf3 Re8 7. d3 d5 8. cxd5 Nxd5 9. Nxd5 Qxd5 10. Be2 Qd6 11. 0-0 c5 12. Be3 Nc6 13. Qc1 b6 14. h3 Ba6 15. Rd1 Rad8 16. a3 Nd4 17. Nxd4 Bxd4 18. Bxd4 Qxd4 19. b4 Rd6 20. bxc5 bxc5 21. Qg5 Rb6 22. Ra2 Rb3 23. Rc2 Bxd3 24. Bxd3 Rxd3 25. Rxd3 Qxd3 26. Qxc5 Qxe4 27. Rc1 Qf4 28. g3 Qd2 29. Kg2 h5 30. h4 Qd7 31. Qc6 Qe7 32. Rc3 Rd8 33. Re3 Qd7 34. Qxd7 Rxd7 35. Kf3 Kg7 36. Ke4 Kf6 37. Rc3 Rd6 38. a4 Ke6 39. Rc5 Rd2 40. Rc6+ Kd7 41. Ra6 Rxf2 42. Rxa7+ Kc6 43. Ke3 Rf1 44. Ke2 Rf5 45. Ra6+ Kc7 46. Ke3 Kb7 47. Rd6 Kc7 48. Rd4 Kb6 49. Rf4 Re5+ 50. Re4 Rf5 51. Rf4 Re5+ 52. Re4 Rf5 53. Rf4 Re5+ 1/2-1/2

[Event "Titled Tuesday intern op 28th Jun Early"]
[Site "Chess.com INT"]
[Date "2022.06.28"]
[Round "5"]
[White "Hambleton, Aman"]
[Black "Hollan, Petr"]
[Result "1-0"]
[WhiteElo "2454"]
[BlackElo "2276"]
[PlyCount "131"]
[EventDate "2022.06.28"]
[EventType "swiss (blitz)"]
[EventRounds "11"]
[EventCountry "USA"]
[SourceTitle "CBM 209 Extra"]
[Source "ChessBase"]
[SourceDate "2022.09.30"]
[SourceVersion "1"]
[SourceVersionDate "2022.09.30"]
[SourceQuality "1"]

1. d4 Nf6 2. c4 g6 3. Nc3 Bg7 4. e4 d6 5. f3 0-0 6. Be3 Nc6 7. Nge2 e5 8. Qd2 exd4 9. Nxd4 Nxd4 10. Bxd4 Be6 11. Be2 Nd7 12. 0-0 c6 13. Be3 Nb6 14. Bd4 d5 15. cxd5 cxd5 16. exd5 Nxd5 17. Bxg7 Kxg7 18. Nxd5 Qxd5 19. Qxd5 Bxd5 20. a3 Rac8 21. Rac1 Be6 22. Kf2 Rfd8 23. Ke3 Rxc1 24. Rxc1 Rd6 25. Rc7 Rb6 26. b4 a5 27. b5 Kf6 28. Kd4 Rd6+ 29. Kc3 b6 30. Bc4 Bxc4 31. Rxc4 Ke5 32. a4 f5 33. f4+ Ke6 34. Rc7 h5 35. Kc4 Rd1 36. Rc6+ Kf7 37. Rxb6 Ra1 38. Kb3 Rb1+ 39. Kc3 Ra1 40. Kb3 Rb1+ 41. Ka2 Rb4 42. Ka3 Rxf4 43. Ra6 Rf2 44. Rxa5 Rxg2 45. b6 Rg1 46. Ka2 Rg2+ 47. Ka3 Rxh2 48. b7 Rh3+ 49. Ka2 Rh2+ 50. Ka3 Rh3+ 51. Kb4 Rh4+ 52. Kc5 Rh1 53. b8Q Rc1+ 54. Kd6 Rd1+ 55. Rd5 Re1 56. Qc7+ Kf6 57. Qd8+ Kf7 58. Qd7+ Kf6 59. a5 h4 60. Qd8+ Kf7 61. Qxh4 Re6+ 62. Kd7 Rf6 63. Qh7+ Kf8 64. Qe7+ Kg8 65. Qxf6 Kh7 66. Rd4 1-0

[Event "Titled Tuesday intern op 28th Jun Early"]
[Site "Chess.com INT"]
[Date "2022.06.28"]
[Round "1"]
[White "Hollan, Petr"]
[Black "Bharath, Subramaniyam H"]
[Result "0-1"]
[WhiteElo "2276"]
[BlackElo "2479"]
[PlyCount "64"]
[EventDate "2022.06.28"]
[EventType "swiss (blitz)"]
[EventRounds "11"]
[EventCountry "USA"]
[SourceTitle "CBM 209 Extra"]
[Source "ChessBase"]
[SourceDate "2022.09.30"]
[SourceVersion "1"]
[SourceVersionDate "2022.09.30"]
[SourceQuality "1"]

1. e4 c5 2. Nf3 e6 3. d4 cxd4 4. Nxd4 a6 5. Bd3 Bc5 6. Nb3 Ba7 7. Qe2 Nc6 8. 0-0 d6 9. Be3 Bxe3 10. Qxe3 Nf6 11. c4 0-0 12. Nc3 Bd7 13. Rfd1 Rc8 14. f4 Ng4 15. Qg3 Qb6+ 16. Kf1 Ne3+ 17. Ke2 Nxd1 18. Rxd1 Kh8 19. Qe3 Qxe3+ 20. Kxe3 Rfd8 21. Be2 Be8 22. g4 Kg8 23. h4 Kf8 24. a3 Ke7 25. f5 Ne5 26. Nd2 b5 27. cxb5 axb5 28. Nxb5 Bxb5 29. Bxb5 Nxg4+ 30. Kf4 h5 31. fxe6 fxe6 32. Kg5 Rc5+ 0-1

[Event "Titled Tuesday intern op 28th Jun Early"]
[Site "Chess.com INT"]
[Date "2022.06.28"]
[Round "3"]
[White "Hollan, Petr"]
[Black "Kohler, Aran"]
[Result "1/2-1/2"]
[WhiteElo "2276"]
[BlackElo "2121"]
[PlyCount "158"]
[EventDate "2022.06.28"]
[EventType "swiss (blitz)"]
[EventRounds "11"]
[EventCountry "USA"]
[SourceTitle "CBM 209 Extra"]
[Source "ChessBase"]
[SourceDate "2022.09.30"]
[SourceVersion "1"]
[SourceVersionDate "2022.09.30"]
[SourceQuality "1"]

1. e4 c5 2. Nf3 d6 3. d4 cxd4 4. Nxd4 Nf6 5. Nc3 a6 6. Rg1 e5 7. Nb3 h5 8. h3 Be6 9. Bg5 Be7 10. Qd2 Nbd7 11. 0-0-0 Rc8 12. f3 h4 13. Kb1 b5 14. Bd3 Nh5 15. Bxe7 Qxe7 16. Ne2 Nc5 17. Qa5 Qb7 18. Nec1 0-0 19. Qe1 Qe7 20. c3 Nxd3 21. Nxd3 Bc4 22. Ndc1 Ng3 23. Nd2 f5 24. Nxc4 bxc4 25. Ne2 fxe4 26. Nxg3 hxg3 27. Qxe4 Rf6 28. Qh4 Qe6 29. Qxg3 Qf5+ 30. Ka1 Rb8 31. Qf2 Qd7 32. Qe2 Qb5 33. Rd2 a5 34. Rgd1 Rb6 35. Rd5 Qa4 36. Kb1 Kf7 37. Qc2 Qc6 38. Rxa5 Rb7 39. Rad5 Rb6 40. Qe4 Qb7 41. R5d2 Qxe4+ 42. fxe4 Rf4 43. Re2 Ke6 44. Kc2 Rb8 45. Rdd2 Ra8 46. Kb1 Rf1+ 47. Kc2 Rxa2 48. Rf2 Re1 49. Rde2 Rh1 50. Rf3 Raa1 51. Kd2 Rad1+ 52. Ke3 g5 53. Kf2 Rhf1+ 54. Kg3 Rfe1 55. Rxe1 Rxe1 56. Kg4 Rxe4+ 57. Kxg5 Re2 58. g4 Rxb2 59. h4 Rh2 60. h5 e4 61. Rf8 d5 62. h6 Ke5 63. Kg6 e3 64. g5 Ke4 65. h7 d4 66. Re8+ Kd3 67. cxd4 Kxd4 68. h8Q+ Rxh8 69. Rxh8 c3 70. Rd8+ Kc4 71. Kh7 e2 72. Re8 Kd3 73. g6 c2 74. g7 c1Q 75. g8Q Qh1+ 76. Kg7 Qg2+ 77. Kh7 Qxg8+ 78. Kxg8 Kd2 79. Rxe2+ Kxe2 1/2-1/2

[Event "Titled Tuesday intern op 28th Jun Early"]
[Site "Chess.com INT"]
[Date "2022.06.28"]
[Round "11"]
[White "Hollan, Petr"]
[Black "Rustemov, Alexander"]
[Result "0-1"]
[WhiteElo "2276"]
[BlackElo "2525"]
[PlyCount "74"]
[EventDate "2022.06.28"]
[EventType "swiss (blitz)"]
[EventRounds "11"]
[EventCountry "USA"]
[SourceTitle "CBM 209 Extra"]
[Source "ChessBase"]
[SourceDate "2022.09.30"]
[SourceVersion "1"]
[SourceVersionDate "2022.09.30"]
[SourceQuality "1"]

1. e4 e6 2. d4 d5 3. Nc3 Bb4 4. exd5 exd5 5. Bd3 Nc6 6. Nge2 Nge7 7. 0-0 Bf5 8. a3 Bxc3 9. Nxc3 Qd7 10. Bxf5 Qxf5 11. Re1 0-0 12. Be3 a6 13. h3 h5 14. Qd2 Rfe8 15. f3 h4 16. Bf2 Ng6 17. Rad1 f6 18. Ne2 Re6 19. Nc1 Rae8 20. Nd3 b6 21. Rxe6 Rxe6 22. Re1 Rxe1+ 23. Qxe1 Kf7 24. b3 a5 25. Qe3 Nd8 26. c4 Ne6 27. c5 bxc5 28. Nxc5 Nxc5 29. dxc5 Nf4 30. Bxh4 d4 31. Qd2 d3 32. Bg3 Qxc5+ 33. Kh2 Ne2 34. Qd1 Qc2 35. Qe1 d2 36. Qxe2 d1Q 37. Qa6 Qde2 0-1

[Event "CZE-chT1W 2122"]
[Site "Czech Republic"]
[Date "2022.02.06"]
[Round "8.3"]
[White "Hollan, Petr"]
[Black "Jandourek, Lukas"]
[Result "1/2-1/2"]
[WhiteElo "2293"]
[BlackElo "2157"]
[PlyCount "132"]
[EventDate "2021.10.10"]
[EventType "team-tourn"]
[EventRounds "11"]
[EventCountry "CZE"]
[SourceTitle "EXT 2023"]
[Source "ChessBase"]
[SourceDate "2022.10.05"]
[SourceVersion "1"]
[SourceVersionDate "2022.10.05"]
[SourceQuality "1"]
[WhiteTeam "Praha Oaza"]
[BlackTeam "Neratovice"]
[WhiteTeamCountry "CZE"]
[BlackTeamCountry "CZE"]

1. e4 c6 2. d4 d5 3. e5 Bf5 4. Nf3 e6 5. Be2 Nd7 6. 0-0 h6 7. a4 Rc8 8. a5 Bh7 9. c4 Bxb1 10. Rxb1 Qxa5 11. Bd2 Qd8 12. Qa4 dxc4 13. Qxa7 Qb6 14. Qa4 Qb3 15. Qxc4 Qxc4 16. Bxc4 Ne7 17. Ra1 Nb6 18. Bb3 Ned5 19. Ra7 Rb8 20. Ne1 Bb4 21. Bc1 Kd7 22. Nd3 Kc7 23. f4 g6 24. g4 h5 25. f5 Be7 26. fxe6 fxe6 27. Rf7 Rhf8 28. Rxe7+ Nxe7 29. Nc5 Rf3 30. Na6+ Kd7 31. Nxb8+ Kc8 32. Na6 Rxb3 33. Nc5 Rb5 34. gxh5 gxh5 35. Nxe6 Nf5 36. Ra3 Rd5 37. Rf3 Nxd4 38. Nxd4 Rxd4 39. Be3 Rg4+ 40. Kf2 Nc4 41. Rf8+ Kd7 42. Rf7+ Ke6 43. Rxb7 Kxe5 44. h3 Rg6 45. Bc1 Nd6 46. Rh7 Ne4+ 47. Kf1 Kd4 48. Rd7+ Kc4 49. Ke2 Rg3 50. h4 Rg4 51. Be3 c5 52. Kf3 Rxh4 53. Rd8 Rg4 54. Rh8 Ng5+ 55. Ke2 h4 56. Bxg5 Rxg5 57. Rxh4+ Kb3 58. Rh8 Rd5 59. Rb8+ Kc2 60. Rb5 Re5+ 61. Kf3 Kd3 62. b4 Re3+ 63. Kf2 Re2+ 64. Kf1 Kc4 65. Kxe2 Kxb5 66. bxc5 Kxc5 1/2-1/2

[Event "CZE-chT1W 2122"]
[Site "Czech Republic"]
[Date "2022.01.09"]
[Round "6.2"]
[White "Hollan, Petr"]
[Black "Matras, Ondrej"]
[Result "0-1"]
[WhiteElo "2293"]
[BlackElo "2190"]
[PlyCount "120"]
[EventDate "2021.10.10"]
[EventType "team-tourn"]
[EventRounds "11"]
[EventCountry "CZE"]
[SourceTitle "EXT 2023"]
[Source "ChessBase"]
[SourceDate "2022.10.05"]
[SourceVersion "1"]
[SourceVersionDate "2022.10.05"]
[SourceQuality "1"]
[WhiteTeam "Praha Oaza"]
[BlackTeam "Pankrac"]
[WhiteTeamCountry "CZE"]
[BlackTeamCountry "CZE"]

1. e4 e6 2. d4 d5 3. Nc3 Bb4 4. e5 c5 5. a3 Ba5 6. b4 cxd4 7. Nb5 Bc7 8. f4 Ne7 9. Bd3 a6 10. Nxc7+ Qxc7 11. Bb2 Bd7 12. Nf3 Ba4 13. 0-0 Nbc6 14. Kh1 g6 15. Nxd4 Nf5 16. Nxf5 gxf5 17. Qe2 Rg8 18. Rf3 Rg6 19. Qf2 0-0-0 20. Rh3 h6 21. Rg3 Rdg8 22. Rxg6 Rxg6 23. Rc1 Kb8 24. Be2 Rg8 25. Bf3 Bb5 26. Bc3 Ka8 27. Be1 Ne7 28. Qe3 Qc4 29. Bf2 Nc8 30. h3 Kb8 31. Qd2 Ne7 32. c3 Qd3 33. Qxd3 Bxd3 34. Kh2 Be4 35. Bxe4 dxe4 36. c4 Ng6 37. g3 Rd8 38. a4 Rd2 39. Kg1 h5 40. h4 Ne7 41. b5 axb5 42. axb5 Ng8 43. Be1 Rd3 44. c5 Ne7 45. c6 Rb3 46. cxb7 Rxb5 47. Bf2 Kxb7 48. Ra1 Nc6 49. Ra3 Rb1+ 50. Kg2 Rb2 51. Kf1 Rb5 52. Kg2 Na5 53. Ra4 Kc6 54. Ra2 Nc4 55. Ra6+ Kd5 56. Ra7 e3 57. Be1 Ke4 58. Rxf7 Rb2+ 59. Kh3 Nd2 60. Bxd2 exd2 0-1